ALL Teams from the Big 4 Leagues - Statistics

General Stats
  • This quiz has been taken 2,661 times
  • The average score is 99 of 122
Answer Stats
Answer % Correct
New York Jets
94%
Seattle Seahawks
94%
Winnipeg Jets
94%
Cincinnati Reds
93%
Carolina Panthers
92%
Central Chicago Blackhawks
92%
Florida Panthers
92%
Los Angeles Kings
91%
New England Patriots
91%
New York Giants
91%
San Francisco Giants
91%
Los Angeles Lakers
90%
Sacramento Kings
90%
Detroit Lions
89%
Miami Dolphins
89%
San Francisco 49ers
89%
West Arizona Cardinals
88%
Atlantic Boston Celtics
88%
Brooklyn Nets
88%
Miami Heat
88%
Philadelphia Eagles
88%
St. Louis Cardinals
88%
Boston Red Sox
87%
North Chicago Bears
87%
Central Chicago White Sox
87%
East Dallas Cowboys
87%
Green Bay Packers
87%
Philadelphia 76ers
87%
Southeast Atlanta Hawks
86%
Central Chicago Bulls
86%
Cleveland Browns
86%
West Denver Broncos
86%
Pacific Golden State Warriors
86%
Kansas City Chiefs
86%
Los Angeles Rams
86%
Minnesota Vikings
86%
New York Knicks
86%
New York Rangers
86%
New York Yankees
86%
Pittsburgh Steelers
86%
Tampa Bay Buccaneers
86%
Texas Rangers
86%
South Atlanta Falcons
85%
North Baltimore Ravens
85%
East Buffalo Bills
85%
South Houston Texans
85%
Jacksonville Jaguars
85%
Los Angeles Chargers
85%
Oakland Raiders
85%
Phoenix Suns
85%
Detroit Pistons
84%
Indianapolis Colts
84%
New Orleans Saints
84%
Washington Redskins
84%
Cincinnati Bengals
83%
Cleveland Cavaliers
83%
Southwest Dallas Mavericks
83%
Los Angeles Clippers
83%
Oakland Athletics
83%
Tennessee Titans
83%
Utah Jazz
83%
Atlantic Boston Bruins
82%
Houston Rockets
82%
Milwaukee Bucks
82%
New York Mets
82%
Orlando Magic
82%
Northwest Denver Nuggets
81%
Pittsburgh Pirates
81%
Toronto Raptors
81%
Washington Wizards
81%
Central Chicago Cubs
80%
Los Angeles Dodgers
80%
Minnesota Timberwolves
80%
Oklahoma City Thunder
80%
Pittsburgh Penguins
80%
San Antonio Spurs
80%
Detroit Tigers
79%
Indiana Pacers
79%
New Orleans Pelicans
79%
Portland Trail Blazers
79%
Toronto Blue Jays
79%
West Houston Astros
78%
Toronto Maple Leafs
78%
East Baltimore Orioles
77%
Charlotte Hornets
77%
Memphis Grizzlies
77%
Montreal Canadiens
77%
Edmonton Oilers
76%
New York Islanders
76%
Pacific Anaheim Ducks
75%
Detroit Red Wings
75%
Los Angeles Angels of Anaheim
75%
Vancouver Canucks
75%
West Arizona Diamondbacks
74%
East Atlanta Braves
74%
Cleveland Indians
74%
Miami Marlins
74%
Philadelphia Flyers
74%
Philadelphia Phillies
74%
Washington Capitals
74%
Dallas Stars
73%
Ottawa Senators
73%
St. Louis Blues
73%
Washington Nationals
73%
San Diego Padres
72%
Seattle Mariners
72%
Tampa Bay Rays
72%
Minnesota Twins
71%
San Jose Sharks
71%
Kansas City Royals
70%
Milwaukee Brewers
70%
Minnesota Wild
70%
Tampa Bay Lightning
70%
Calgary Flames
69%
Colorado Avalanche
69%
Colorado Rockies
68%
Columbus Blue Jackets
68%
Buffalo Sabres
67%
Arizona Coyotes
66%
New Jersey Devils
66%
Metropolitan Carolina Hurricanes
65%
Nashville Predators
65%
No matching quizzes found
Score Distribution
Percent of People with Each Score
Percentile by Number Answered
Your Score History
You have not taken this quiz